000 00647nam a2200241Ia 4500
003 OSt
005 20220928105003.0
006 a|||||r|||| 00| 0
007 ta
008 220927b |||||||| |||| 00| 0 eng d
024 _a33840
037 _cTextual
040 _aSDCL
_cSDCL
_beng
041 _2eng
_aeng
082 _aO-944,3N74,1, P8
100 _aAdiga Aravind
_9413202
245 0 _aWhite tiger.
260 _aNew Delhi
_bHarper Collins Publishers
_c2008
300 _a321p.
_ccm.
650 _aAdiga Aravind-Fiction
_9413203
942 _hO-944,3N74,1, P8
_cTEXL
_2CC
999 _c728972
_d728972